Statistics for Biggest Cities in the World that End in 'e'

Click here to take the quiz!

General Stats

  • This quiz has been taken 196 times
    (57 since last reset)
  • The average score is 11 of 25

Answer Stats

#ContinentPopulationAnswer% Correct
6Oceania4,950,000Melbourne
89%
7North America4,625,000Seattle
74%
1Asia14,400,000Lahore
70%
9South America3,925,000Recife
68%
13Europe3,450,000Rome
68%
2Asia13,700,000Bangalore
62%
14Oceania3,275,000Brisbane
60%
5South America5,150,000Belo Horizonte
57%
4Asia7,550,000Pune
47%
3Asia7,750,000Singapore
47%
8South America4,200,000Porto Alegre
45%
21Africa2,200,000Brazzaville
40%
18North America2,425,000San Jose
38%
17North America2,575,000Charlotte
36%
22North America2,025,000Jacksonville
34%
19Africa2,350,000Lome
34%
23Europe1,690,000Marseille
34%
11North America3,525,000Port-au-Prince
34%
16Africa2,600,000Harare
32%
10Africa3,700,000Yaounde
32%
25North America1,520,000Milwaukee
30%
24North America1,640,000Nashville
30%
11Asia3,525,000Indore
19%
15Asia2,925,000Coimbatore
13%
20Europe2,250,000Katowice
13%

Score Distribution

Percentile by Number Answered

Percent of People with Each Score

Your Score History

You have not taken this quiz since the last reset